书目信息 |
| 题名: |
城池防御建筑
|
|
| 作者: | ;中国建筑工业出版社 编 | |
| 分册: | ||
| 出版信息: | 北京 中国建筑工业出版社 2010.01 |
|
| 页数: | 195页 | |
| 开本: | 20cm | |
| 丛书名: | 中国古建筑之美 | |
| 单 册: | ||
| 中图分类: | TU-098.9 | |
| 科图分类: | ||
| 主题词: | 建筑史 | |
| 电子资源: | ||
| ISBN: | 978-7-112-11329-3 | |
| 000 | 00946nam0 2200253 450 | |
| 001 | 1040720703 | |
| 005 | 20100508145539.04 | |
| 010 | @a978-7-112-11329-3@dCNY45.00 | |
| 100 | @a20100515d2010 km y0chiy0120 ea | |
| 101 | 0 | @achi |
| 102 | @aCN@b110000 | |
| 105 | @aa z 000yy | |
| 200 | 1 | @a城池防御建筑@Acheng chi fang yu jian zhu@e千里江山万里城@f中国建筑工业出版社编@Fzhong guo jian zhu gong ye chu ban she bian |
| 210 | @a北京@c中国建筑工业出版社@d2010.01 | |
| 215 | @a195页@c图@d20cm | |
| 225 | 2 | @a中国古建筑之美 |
| 330 | @a本书由长城开始,详细介绍这一伟大建筑工程,再循华北、华中、华南、东北、西部地方等次序,逐一介绍各地的城墙与仅余残址的防守遗迹。 | |
| 410 | 0 | @12001 @a中国古建筑之美 |
| 517 | 1 | @a千里江山万里城@Aqian li jiang shan wan li cheng |
| 606 | 0 | @a建筑史 |
| 690 | @aTU-098.9@v4 | |
| 711 | 02 | @a中国建筑工业出版社@Azhong guo jian zhu gong ye chu ban she@4编 |
| 801 | 0 | @aCN@c20100515 |
| 905 | @dTU-098.9@eZ563-2@f3 | |
| 城池防御建筑:千里江山万里城/中国建筑工业出版社编.-北京:中国建筑工业出版社,2010.01 |
| 195页:图;20cm.-(中国古建筑之美) |
| ISBN 978-7-112-11329-3:CNY45.00 |
| 本书由长城开始,详细介绍这一伟大建筑工程,再循华北、华中、华南、东北、西部地方等次序,逐一介绍各地的城墙与仅余残址的防守遗迹。 |
| ● |
| 相关链接 |
|
|
|
正题名:城池防御建筑
索取号:TU-098.9/Z563-2
 
预约/预借
| 序号 | 登录号 | 条形码 | 馆藏地/架位号 | 状态 | 备注 |
| 1 | 898770 | 208987701 | 建筑库101/101建筑库 9排1列5层/ [索取号:TU-098.9/Z563-2] | 在馆 | |
| 2 | 898771 | 208987710 | 建筑库101/101建筑库 9排4列1层/ [索取号:TU-098.9/Z563-2] | 在馆 | |
| 3 | 898772 | 208987729 | 建筑库101/101建筑库 9排4列1层/ [索取号:TU-098.9/Z563-2] | 在馆 |